The hour of God /

Saved in:
Bibliographic Details
Main Author: Ghose, Aurobindo, 1872-1950
Format: Book
Language:English
Published: Pondicherry : Sri Aurobindo Ashram, 1973.
Subjects:
LEADER 00750nam a2200217 i 4500
001 c000310013
003 CARM
005 00000000000000.0
008 800423s1973 00000 eng d
019 1 |a 2531156  |5 LACONCORD2021 
035 |a (OCoLC)220103657  |5 LACONCORD2021 
100 1 |a Ghose, Aurobindo,  |d 1872-1950. 
245 1 4 |a The hour of God /  |c Sri Aurobindo. 
260 |a Pondicherry :  |b Sri Aurobindo Ashram,  |c 1973. 
300 |a 74 p. 
650 0 |a Yoga. 
650 0 |a Philosophy, Hindu. 
852 8 |b CARM  |h A3:AD36B0  |i B11459  |p 0474792  |f BK 
082 0 4 |a 181.45 
999 f f |i a962a51c-06e7-5dc5-aad0-a18b0b26ac2c  |s 06eb7dfa-096e-5a20-b318-d826d06942f9 
952 f f |p Can circulate  |a CAVAL  |b CAVAL  |c CAVAL  |d CARM 1 Store  |e B11459  |f A3:AD36B0  |h Other scheme  |i book  |m 0474792